| 000 | 00521nam a2200181 i 4500 | ||
|---|---|---|---|
| 001 | 48064 | ||
| 003 | ES-MaACL | ||
| 005 | 20230906161703.0 | ||
| 007 | t| | ||
| 008 | 981118m18711874sp ||||1| spa d | ||
| 080 | _a616 | ||
| 100 | 1 |
_aCuesta y Ckerner, Juan. _942070 |
|
| 245 | 1 | 0 |
_aArte médica : _btratado de patología interna / _cpor Juan Cuesta y Ckerner. |
| 260 |
_aMadrid : _b[s.n.], _c1871-1874 ( _fPedro Montero) |
||
| 300 |
_a3 v. ; _c22 cm. |
||
| 650 | 4 |
_aPatología. _915884 |
|
| 852 | 4 |
_aES-MaACL _jG-15236-38 |
|
| 999 |
_c48064 _d48064 |
||